000 00899nam a2200253Ia 4500
003 OSt
005 20220923211116.0
006 a|||||r|||| 00| 0
007 ta
008 220922b |||||||| |||| 00| 0 hin d
020 _a818143434X (hbk)
_c350
024 _a241,171
037 _b481, 26/02/2010, Vani Prakashan
_cTextual
040 _aARTS
_cARTS
_bhin
041 _2hin
_ahin
082 _aO152,1N2:g, P6
100 _aप्रेमशंकर
_9158325
245 0 _aभारतीय स्वच्छंदतावाद और छायावाद
246 _aBhāratīya svachchhandatāvād aur chhāyāvāda
260 _aनई दिल्ली
_b वाणी प्रकाशन
_c2006
300 _a320पृ.
_ccm.
942 _hO152,1N2:g, P6
_cTEXL
_2CC
999 _c295384
_d295384